Jane Eyre / (Record no. 283636)
[ view plain ]
| 000 -LEADER | |
|---|---|
| fixed length control field | 00919cam a22003138a 4500 |
| 001 - CONTROL NUMBER | |
| control field | 16302405 |
| 003 - CONTROL NUMBER IDENTIFIER | |
| control field | PILC |
| 005 - DATE AND TIME OF LATEST TRANSACTION | |
| control field | 20150227130157.0 |
| 008 - FIXED-LENGTH DATA ELEMENTS--GENERAL INFORMATION | |
| fixed length control field | 100625r20101847nyu 000 1 eng |
| 010 ## - LIBRARY OF CONGRESS CONTROL NUMBER | |
| LC control number | 2010026238 |
| 020 ## - INTERNATIONAL STANDARD BOOK NUMBER | |
| International Standard Book Number | 9780143106159 |
| 040 ## - CATALOGING SOURCE | |
| Original cataloging agency | DLC |
| Transcribing agency | DLC |
| 043 ## - GEOGRAPHIC AREA CODE | |
| Geographic area code | e-uk-en |
| 050 00 - LIBRARY OF CONGRESS CALL NUMBER | |
| Classification number | PR 4167 |
| Item number | .J3 2010 |
| 082 00 - DEWEY DECIMAL CLASSIFICATION NUMBER | |
| Classification number | 823/.8 |
| 100 1# - MAIN ENTRY--PERSONAL NAME | |
| Personal name | Brontë, Charlotte, |
| Dates associated with a name | 1816-1855. |
| 245 10 - TITLE STATEMENT | |
| Title | Jane Eyre / |
| Statement of responsibility, etc | Charlotte Brontë. |
| 260 ## - PUBLICATION, DISTRIBUTION, ETC. (IMPRINT) | |
| Place of publication, distribution, etc | New York : |
| Name of publisher, distributor, etc | Penguin Books, |
| Date of publication, distribution, etc | 2010. |
| 263 ## - PROJECTED PUBLICATION DATE | |
| Projected publication date | 1010 |
| 300 ## - PHYSICAL DESCRIPTION | |
| Extent | 453 pages : |
| Dimensions | 22 cm. |
| 490 0# - SERIES STATEMENT | |
| Series statement | Penguin Classics deluxe edition |
| 650 #0 - SUBJECT ADDED ENTRY--TOPICAL TERM | |
| Topical term or geographic name as entry element | Governesses |
| Geographic subdivision | England |
| Form subdivision | Fiction. |
| 650 #0 - SUBJECT ADDED ENTRY--TOPICAL TERM | |
| Topical term or geographic name as entry element | Young women |
| Geographic subdivision | England |
| Form subdivision | Fiction. |
| 655 #7 - INDEX TERM--GENRE/FORM | |
| Genre/form data or focus term | Bildungsromans. |
| Source of term | gsafd |
| 655 #7 - INDEX TERM--GENRE/FORM | |
| Genre/form data or focus term | Love stories. |
| Source of term | gsafd |
| 906 ## - LOCAL DATA ELEMENT F, LDF (RLIN) | |
| a | 7 |
| b | cbc |
| c | orignew |
| d | 1 |
| e | ecip |
| f | 20 |
| g | y-gencatlg |
| 942 ## - ADDED ENTRY ELEMENTS (KOHA) | |
| Source of classification or shelving scheme | Library of Congress Classification |
| Koha item type | Books |
No items available.